Who are these celebrities? - Statistics

General Stats
  • This quiz has been taken 61 times
  • The average score is 11 of 16
Answer Stats
Picture Answer % Correct
Queen elizabeth
100%
Kim kardashian
98%
Obama
92%
Emma watson
83%
Prince charles
82%
Whitney Houston
80%
Dolly
78%
Jennifer Lawrence
78%
Kylie jenner
75%
Selena Gomez
73%
Megan fox
70%
Jennifer lopez
68%
Kate Winslet
55%
Pewdiepie
52%
Demi moore
38%
Justin Bieder
2%
No matching quizzes found
Score Distribution
Percent of People with Each Score
Percentile by Number Answered
Your Score History
You have not taken this quiz